000 00884nas a2200289 4500
001 BR2015003215
003 BR-BrBNA
005 20231205125359.0
007 ta
008 230509b bl.|||p| |||| 00| 00por d
040 _aBR-BrBNA
_bpor
_cBiblioteca Nacional de Agricultura
041 _a(Pt)
072 _aK10
100 1 _aVieira, D. dos S.
100 1 _aGama, J.R.V.
100 1 _aRibeiro, R.B. da S.
100 1 _aXimenes, L.C.
100 1 _aCorrêa, V.V.
100 1 _aAlves, A.F.
245 1 _aComparação estrutural entre floresta manejada e não manejada na comunidade de Santo Antônio, estado do Pará
650 _aFLORESTA
650 _aMANEJO
650 _aAMAZÔNIA
773 0 _tCiência Florestal (Brazil)
_xISSN 0103-9954
_g(Oct-Dec 2014), v. 24(4) p. 1067-1074
_wBR2015003215
909 _a202311
_bLúcia
_c55
_dLúcia Elande
942 _2AGRIS
_n0
_cANA
999 _c244076
_d244076